| 000 | 00594nam a2200181 i 4500 | ||
|---|---|---|---|
| 001 | 50911 | ||
| 003 | ES-MaACL | ||
| 005 | 20230906162247.0 | ||
| 007 | t| | ||
| 008 | 030807s1967 sp ||||1| spa d | ||
| 100 | 1 |
_aChamoux, François. _937907 |
|
| 245 | 1 | 3 |
_aLa civilización griega en las épocas arcaica y clásica / _cFrançois Chamoux ; [traducción de J. de C. Serra Rafols]. |
| 250 | _a[1ª ed.]. | ||
| 260 |
_aBarcelona : _bJuventud, _c[1967] |
||
| 300 |
_a475 p., 78 lám. : _bil. ; _c23 cm. |
||
| 700 | 1 |
_aSerra-Ráfols, José de C. _9105655 |
|
| 852 |
_aES-MaACL _jF-6246 _bR.66043 |
||
| 999 |
_c50911 _d50911 |
||